000 01167nam a2200289Ia 4500
001 ebr10464510
003 CaPaEBR
006 m u
007 cr cn|||||||||
008 110527s2011 enk sb 000 0 eng d
020 _z9780857248459
040 _aCaPaEBR
_cCaPaEBR
035 _a(OCoLC)844056415
050 1 4 _aZ678
_b.L475321 2011eb
245 0 0 _aLibrary management
_h[electronic resource].
_nVolume 32, Number 1/2,
_pAcademic librarian :
_bsinging in the rain.
_nPart 2 /
_c[editor, Stephen O'Connor].
260 _a[Bradford, UK] :
_bEmerald,
_c2011.
300 _a140 p.
490 0 _aLibrary management ;
_vv. 32, no. 1/2
504 _aIncludes bibliographical references.
533 _aElectronic reproduction.
_bPalo Alto, Calif. :
_cebrary,
_d2013.
_nAvailable via World Wide Web.
_nAccess may be limited to ebrary affiliated libraries.
650 0 _aAcademic librarians.
650 0 _aReference librarians.
655 7 _aElectronic books.
_2local
700 1 _aO'Connor, S.
710 2 _aebrary, Inc.
856 4 0 _uhttp://site.ebrary.com/lib/rucke/Doc?id=10464510
_zAn electronic book accessible through the World Wide Web; click to view
999 _c128299
_d128299